Conceptos jurd̕icos Lecciones de teora̕ del derecho /

Detalles Bibliográficos
Autor principal: Fossi, Josǔ
Formato: eBook
Lenguaje:español
Publicado: Barcelona: J.M. Bosch Editor, 2022
Materias:
Acceso en línea:Acceso restringido

MARC

LEADER 00000nam a22000007a 4500
005 20221013222042.0
007 cr|||| ||||
008 221013s2022 es |||||s|||| 00||0 spa d
020 |a 9788412102956 
035 |a 37458 
040 |a vLex 
090 |c 14032  |d 14032 
100 1 |a Fossi, Josǔ 
245 1 0 |a Conceptos jurd̕icos  |h [Recurso electrn̤ico] :  |b Lecciones de teora̕ del derecho /  |c Josu ̌Fossi 
256 |a Servicio en ln̕ea 
260 |a Barcelona:  |b J.M. Bosch Editor,  |c 2022 
300 |a 1 recurso electrn̤ico 
500 |a Conceptos jurd̕icos tiene varias lecturas. En primer lugar, puede leerse como una introduccin̤ a la epistemologa̕ jurd̕ica. En ese sentido, los primeros capt̕ulos son un estudio sobre los distintos niveles del lenguaje jurd̕ico que indican las condiciones de posibilidad en las ciencias jurd̕icas. En segundo lugar, puede leerse como una exposicin̤ de los conceptos generales aplicables a cualquier disciplina jurd̕ica particular, como el derecho civil, penal, administrativo, entre otros; ya que conceptos como norma, acto, situaciones jurd̕icas subjetivas, interpretacin̤ son categora̕s generales del Derecho vl̀idas para cualquiera de sus ramas. En tercer lugar, puede leerse como una introduccin̤ a las distintas perspectivas ter̤icas actuales de la Teora̕ del Derecho, fundamentadas principalmente bajo las corrientes analt̕icas y hermenǔticas. Por l︢timo, Conceptos jurd̕icos puede leerse como una breve exposicin̤ a la Teora̕ del derecho desarrollada por Luigi Ferrajoli en su reciente magna obra, de casi unas tres mil pg̀inas, principia iuris. Teora̕ del diritto e della democrazia (2007), en la que el maestro italiano, partiendo del mťodo axiomt̀ico, ha realizado una reconstruccin̤ conceptual de los conceptos jurd̕icos, que pueden ser utilizados en el derecho y la polt̕ica. Josu ̌Fossi. Abogado. Magister en Derecho Penal y Criminologa̕. En curso, doctorado en Ciencias de la Educacin̤. Profesor de Ética, Filosofa̕ del Derecho y Derecho Constitucional. Ha publicado varias obras sobre teora̕ del Derecho, el dolo eventual y sobre la imputacin̤ subjetiva. 
506 1 |a Disponible solo en los productos indicados  |d vLex Global  |d vLex Global (Academic Edition, excluding Law Schools)  |d vLex Global (U.S. Academic Edition, Law Schools)  |d vLex Global (U.S. Academic Edition, excluding Law Schools)  |d vLex Global (Academic Edition, Law Schools) 
650 0 4 |a Derecho Militar  |z Espaą 
650 0 4 |a Filosofa̕ y religin̤  |z Espaą 
740 0 |a vLex Libros (Servicio en ln̕ea) 
856 4 0 |u https://app.vlex.com/#/sources/37458  |z Acceso restringido 
942 |c BOOK 
999 0 |a Military Law 
999 0 |a Philosophy and religion